000 00516nam a2200169Ia 4500
008 220531s9999 xx 000 0 und d
041 _amar
100 _aदेवगांवकर शैलजा
_957429
245 _aमहाराष्ट्रातील आदिवासींचे लोकसाहित्‍य
250 _a1
260 _aPune
_bShri Sainath
_c2009
300 _a162
542 _d01-12-2012
650 _aSociology
_957430
906 _d2012-2013
999 _c33031
_d33031